Racionalizácia výroby ozubenia na vybraných typoch ložísk

Salvato in:
Dettagli Bibliografici
Autore principale: Chudovský, Peter (Autore)
Altri autori: Görög, Augustín (Relatore della tesi)
Natura: Manoscritto Libro
Lingua:slovacco
Pubblicazione: 2020
Soggetti:
Accesso online:http://is.stuba.sk/zp/portal_zp.pl?podrobnosti=141142
Tags: Aggiungi Tag
Nessun Tag, puoi essere il primo ad aggiungerne!!

MARC

LEADER 00000ntm a22000003a 4500
001 stuzp72961
003 SK-STU
005 20200718210240.1
007 ta
008 150427s2015----xo-----f-mn---000-0-slo-d
040 |a STU  |b slo 
041 0 |a slo 
100 1 |a Chudovský, Peter  |u 063000  |4 aut  |U MTF Materiálovotechnologická fakulta  |T MTF Ústav výrobných technológií  |X 85602  |U M3000  |Y 83  |7 85602 
242 0 1 |a Rationalization of toothing production on selected bearing types  |y eng 
245 1 0 |a Racionalizácia výroby ozubenia na vybraných typoch ložísk 
260 |c 2020 
650 4 |a Racionalizácia  |2 slo 
650 4 |a výroba  |2 slo 
650 4 |a ozubenie  |2 slo 
650 4 |a otoč  |2 slo 
650 4 |a Rationalization  |2 eng 
650 4 |a production  |2 eng 
650 4 |a gear  |2 eng 
650 4 |a ring  |2 eng 
700 1 |a Görög, Augustín  |u 063200  |k Z1  |4 ths  |U MTF Ústav výrobných technológií  |T MTF Katedra obrábania a počítačovej podpory technológií  |X 4179  |U M3200  |Y 164  |7 A000004179 
856 4 |u http://is.stuba.sk/zp/portal_zp.pl?podrobnosti=141142 
996 |c M* BP-8746  |l MMSKP  |s P  |a 0  |w stuzp72961_0001